LEADER 01560nam 2200409Ia 450 001 996395795103316 005 20200824121312.0 035 $a(CKB)4330000000314399 035 $a(EEBO)2248516998 035 $a(UnM)99900476e 035 $a(UnM)99900476 035 $a(EXLCZ)994330000000314399 100 $a19911003d1625 uy | 101 0 $aeng 135 $aurbn||||a|bb| 200 14$aThe first sermon preached to King Charles, at Saint Iames$b[electronic resource] $e3?. April. 1625. By Iohn Donne, Deane of Saint Pauls, London 210 $aLondon $cprinted by A[ugustine]. M[athewes]. for Thomas Iones, and are to bee sold at his shop at the signe of the Blacke Rauen in the Strand$d1625 215 $a[4], 59, [1] p 300 $aPrinter's name from STC. 300 $aThe first leaf is blank. 300 $aWith two lines of errata on H4r. Variant: with one line of errata. 300 $aAlso issued as part of "Foure sermons upon speciall occasions" and of "Five sermons upon speciall occasions". 300 $aSignatures: A-H?. 300 $aReproduction of original in the Bodleian Library, Oxford, England. 330 $aeebo-0014 606 $aSermons, English$y17th century 615 0$aSermons, English 700 $aDonne$b John$f1572-1631.$0165770 801 0$bCu-RivES 801 1$bCu-RivES 801 2$bCStRLIN 801 2$bCu-RivES 801 2$bWaOLN 906 $aBOOK 912 $a996395795103316 996 $aThe first sermon preached to King Charles, at Saint Iames$92323621 997 $aUNISA LEADER 00840nam a2200253 i 4500 001 991001409049707536 005 20240110094218.0 008 111003s2011 it 000 0 ita d 020 $a9788815150592 035 $ab14009924-39ule_inst 040 $aDip.to Filosofia$bita 082 $a170 100 1 $aCosta, Vincenzo$0167279 245 10$aAlteritį /$cVincenzo Costa 260 $aBologna :$bIl mulino,$c2011 300 $a215 p. ;$c21 cm 440 0$aLessico della filosofia ;$v7 650 4$aAlteritą$xStoria 907 $a.b14009924$b18-06-14$c03-10-11 912 $a991001409049707536 945 $aLE005 170 COS01. 02 In dep: prof. Tundo$g2$i2005000356131$lle005$on$pE14.00$q-$rl$s-$t0$u0$v0$w0$x0$y.i15619540$z18-06-14 996 $aAlteritį$9242028 997 $aUNISALENTO 998 $ale005$b03-10-11$cm$da$e-$fita$git$h0$i0